[Event "WY Boys-U14"]
[Site "Porto Carras GRE"]
[Date "2010.10.23"]
[Round "4.18"]
[White "Meng,R"]
[Black "Usmanov,V"]
[Result "1-0"]
[WhiteElo "2085"]
[BlackElo "2219"]

1.e4 c5 2.Nc3 Nc6 3.Bb5 Nd4 4.Bc4 g6 5.Nge2 Bg7 6.Nxd4 cxd4 7.Qf3 Nh6 8.Ne2 O-O
9.d3 Ng4 10.Bb3 d6 11.Qg3 Nf6 12.h4 Kh8 13.Nxd4 Nxe4 14.dxe4 Bxd4 15.h5 Qa5+
16.c3 gxh5 17.Qd3 Bg7 18.Bd5 e6 19.Rxh5 exd5 20.e5 h6 21.Bxh6 Re8 22.Bxg7+ Kxg7
23.Qh7+ Kf8 24.Qh6+  1-0

[Event "WY Boys-U18"]
[Site "Porto Carras GRE"]
[Date "2010.10.23"]
[Round "4.17"]
[White "Kanarek,M"]
[Black "Radusinovic,L"]
[Result "1/2-1/2"]
[WhiteElo "2401"]
[BlackElo "2257"]

1.e4 c5 2.Nf3 Nc6 3.Nc3 d6 4.Bc4 e5 5.d3 Be7 6.O-O Nf6 7.Ng5 O-O 8.f4 Bg4
9.Qe1 h6 10.h3 Bh5 11.Nf3 Bxf3 12.Rxf3 Nd4 13.Rf2 exf4 14.Bxf4 Nh5 15.Qd1 Nxf4
16.Rxf4 Bg5 17.Rf1 b5 18.Bd5 Rc8 19.Ne2 Qe7 20.c3 Nxe2+ 21.Qxe2 b4 22.Rf2 bxc3
23.bxc3 Qe5 24.Raf1 Qxc3 25.Rxf7  1/2-1/2

[Event "WY Boys-U16"]
[Site "Porto Carras GRE"]
[Date "2010.10.23"]
[Round "4.12"]
[White "Predke,A"]
[Black "Johansson,Linus"]
[Result "1-0"]
[WhiteElo "2436"]
[BlackElo "1966"]

1.e4 c5 2.Nf3 Nc6 3.Nc3 e5 4.Bc4 Be7 5.d3 d6 6.O-O Nf6 7.Ng5 O-O 8.f4 exf4
9.Bxf4 h6 10.Nf3 Be6 11.Qe1 d5 12.exd5 Nxd5 13.Nxd5 Bxd5 14.Qg3 Bxf3 15.Qxf3 Nd4
16.Qxb7 Ne2+ 17.Kh1 Nxf4 18.Rxf4 Qb8 19.Rxf7 Rxf7 20.Qxe7 Qf4 21.Qxf7+ Qxf7
22.Bxf7+ Kxf7 23.Kg1 Ke6 24.Re1+ Kd6 25.Kf2 Rb8 26.b3 Rb7 27.Re4 Rf7+ 28.Ke2 Kd5
29.b4  1-0

[Event "20th World Seniors"]
[Site "Arco ITA"]
[Date "2010.10.26"]
[Round "1"]
[White "Plachetka,J"]
[Black "Wintner,I"]
[Result "1-0"]
[WhiteElo "2345"]
[BlackElo "2024"]

1.e4 c5 2.Nf3 Nc6 3.Nc3 d6 4.d4 cxd4 5.Nxd4 e5 6.Nf5 Bxf5 7.exf5 Nd4 8.Be3 Nc6
9.Bc4 Qd7 10.Qf3 Nf6 11.O-O-O O-O-O 12.Bb3 h5 13.Rd2 Ng4 14.Nd5 Nxe3 15.fxe3 Be7
16.Ba4 Bg5 17.h4 Bh6 18.Rhd1 g6 19.f6 Qg4 20.Bxc6 Qxf3 21.Bxb7+ Kxb7 22.gxf3 g5
23.hxg5 Bxg5 24.Rg2 Bh6 25.Rh1 Kc6 26.c4 Kc5 27.b3 Rh7 28.Kc2 Rdh8 29.Rxh5 Kc6
30.Rgh2 Kd7 31.Kd3 Ke6 32.Ke4 Rg8 33.Rxh6 Rxh6 34.Rxh6 Rg2 35.Rh8 Kd7 36.Rf8  1-0

[Event "Unive Open"]
[Site "Hoogeveen NED"]
[Date "2010.10.26"]
[Round "5"]
[White "Bijlsma,N"]
[Black "Ris,R"]
[Result "1/2-1/2"]
[WhiteElo "2138"]
[BlackElo "2416"]

1.e4 c5 2.Nf3 Nc6 3.Nc3 g6 4.d4 cxd4 5.Nxd4 Bg7 6.Be3 Nf6 7.Bc4 O-O 8.Bb3 Qa5
9.O-O d6 10.h3 Bd7 11.f4 Nxd4 12.Bxd4 Bc6 13.Qd3 Nd7 14.Bxg7 Kxg7 15.Rae1 Rad8
16.Nd5 e6 17.Qd4+ f6 18.Nc3 Qc5 19.Rd1 e5 20.Qxc5 Nxc5 21.Bd5 exf4 22.Rxf4 Rfe8
23.Rdf1 Nd7 24.Rd1 Nc5 25.Rdf1 Nd7 26.Rd1  1/2-1/2

[Event "WY Boys-U14"]
[Site "Porto Carras GRE"]
[Date "2010.10.26"]
[Round "7.10"]
[White "Meng,R"]
[Black "Beradze,I"]
[Result "1-0"]
[WhiteElo "2085"]
[BlackElo "2242"]

1.e4 c5 2.Nc3 Nc6 3.Bb5 Nd4 4.Bc4 e6 5.Nge2 Nf6 6.d3 d5 7.exd5 exd5 8.Bb3 Nxb3
9.axb3 d4 10.Ne4 Be7 11.O-O O-O 12.Nf4 Bf5 13.Qf3 Qd7 14.Re1 Rfe8 15.Bd2 Bg4
16.Qg3 Nxe4 17.dxe4 Bd6 18.h3 Bh5 19.Qh4 Bxf4 20.Qxf4 Bg6 21.f3 Qc6 22.h4 a6
23.Kh1 h5 24.Rg1 Re6 25.Qg5 Rae8 26.Ra5 Re5 27.Qg3 Qc8 28.Bf4 R5e6 29.Qg5 b6
30.Raa1 Kh7 31.Bh2 Qa8 32.Rae1 Kg8 33.Bf4 Kh7 34.Bh2 Qc6 35.Qf4 Rf6 36.Qg5 Rfe6
37.Qf4 Kg8 38.Qg5 b5 39.Qd2 Rd8 40.Ra1 Rd7 41.Qg5 c4 42.bxc4 Qxc4 43.g4 hxg4
44.Qxg4 Qc5 45.Rxa6 Rxa6 46.Qxd7 Bh5 47.Rg3 Ra1+ 48.Bg1 Rf1 49.Kh2 Rd1 50.c3 Rd2+
51.Kh3 Qc4 52.Qd8+ Kh7 53.Rxg7+ Kxg7 54.Qg5+ Kf8 55.Qxd2 Bxf3 56.Qxd4 Qxd4
57.Bxd4 Bxe4 58.Kg4 Bd3 59.Bf6 Kg8 60.Kf4 Kh7 61.Ke3 Bc4 62.Kd4 Kg6 63.Be5 Kf5
64.Bg3 Be2 65.b3 Bd1 66.c4 bxc4 67.Kxc4 Ke6 68.b4 Bf3 69.b5 f6 70.Kc5 Kd7
71.b6 Ke6 72.h5 Kf5 73.h6 Kg6 74.Bf4  1-0

[Event "20th World Seniors"]
[Site "Arco ITA"]
[Date "2010.10.27"]
[Round "2"]
[White "Doehner,H"]
[Black "Rajkovic,Du"]
[Result "0-1"]
[WhiteElo "2169"]
[BlackElo "2443"]

1.e4 c5 2.Nc3 Nc6 3.Nf3 g6 4.d4 cxd4 5.Nxd4 Bg7 6.Be3 Nf6 7.Be2 O-O 8.O-O d6
9.h3 Bd7 10.Qd2 Rc8 11.f4 Nxd4 12.Bxd4 Qa5 13.Bf3 Bc6 14.Rfd1 Rfd8 15.Nd5 Qxd2
16.Nxf6+ Bxf6 17.Rxd2 Bxd4+ 18.Rxd4 e5 19.fxe5 dxe5 20.Rxd8+ Rxd8 21.Kf1 Rd4
22.c3 Rd2 23.Rb1 Bb5+ 24.Ke1 Rc2 25.a4 Bxa4 26.b3 Bc6 27.c4 a5 28.Kd1 Ra2
29.b4 axb4 30.Rxb4 Kf8 31.Ke1 Ke7  0-1

[Event "WY Boys-U18"]
[Site "Porto Carras GRE"]
[Date "2010.10.27"]
[Round "8.11"]
[White "Danilenko,D"]
[Black "Dragomirescu,R"]
[Result "1-0"]
[WhiteElo "2307"]
[BlackElo "2423"]

1.e4 c5 2.Nc3 Nc6 3.Bb5 Nd4 4.Bc4 e6 5.Nf3 Nf6 6.O-O a6 7.d3 b5 8.Bb3 Nxb3
9.axb3 b4 10.Na4 Bb7 11.e5 Nd5 12.c4 Nb6 13.Bg5 Qc7 14.Nxb6 Qxb6 15.d4 cxd4
16.Qxd4 Bc5 17.Qd3 d5 18.exd6 Qxd6 19.Qxd6 Bxd6 20.Rfd1 Be7 21.Bxe7 Kxe7
22.Ne5 Rhd8 23.f3 f6 24.Nd3 a5 25.Nc5 Bc6 26.Rxd8 Rxd8 27.Rxa5 Rd1+ 28.Kf2 Rd2+
29.Kg3 Kd6 30.Na6 Rxb2 31.c5+ Ke5 32.Nxb4 Be8 33.Rb5 Rxb3 34.Nc6+ Bxc6 35.Rxb3 Kd5
36.Rb8 Kxc5 37.Rg8 g5 38.Rf8 f5 39.Rg8 h6 40.Rg6 Kd5 41.Rxh6 Ke5 42.Rg6 g4
43.fxg4 fxg4 44.Kf2  1-0

[Event "WY Boys-U16"]
[Site "Porto Carras GRE"]
[Date "2010.10.27"]
[Round "8.8"]
[White "Sadzikowski,D"]
[Black "Kosmas Lekkas,D"]
[Result "1-0"]
[WhiteElo "2351"]
[BlackElo "2137"]

1.e4 c5 2.Nf3 Nc6 3.Nc3 e5 4.Bc4 Be7 5.d3 d6 6.O-O Nf6 7.Ng5 O-O 8.f4 exf4
9.Bxf4 h6 10.Nf3 Be6 11.Nd5 Bxd5 12.Bxd5 Nxd5 13.exd5 Ne5 14.c4 Ng6 15.Bg3 Bf6
16.Qd2 Qd7 17.Rae1 b5 18.b4 Rfc8 19.Rc1 a5 20.bxc5 Rxc5 21.Bf2 Rcc8 22.Rc2 bxc4
23.dxc4 Ne5 24.Nxe5 Bxe5 25.h3 a4 26.c5 dxc5 27.Rxc5 Rxc5 28.Bxc5 Rd8 29.Rd1 Qb5
30.Be7 Rc8 31.d6 Qd7 32.Qd5 Bg3 33.Rf1 Kh8 34.Qf5 Qa7+ 35.Kh1 Rb8 36.d7 Qd4
37.d8=Q+ Rxd8 38.Bxd8 Qxd8 39.Rc1 Bc7 40.Qxf7 Bd6 41.Qe6 Bf8 42.Rc8 Qd1+
43.Kh2 Qf1 44.Qd6 Kg8 45.Qd5+ Kh8 46.Qf3 Qxf3 47.gxf3 Kg8 48.Kg3 Kf7 49.Rc6 a3
50.Kf4 g6 51.Ra6 Kg7 52.Ke5 h5 53.Kd5 h4 54.Ra4 Be7 55.Ke6 Bf8 56.Rxh4 g5
57.Rg4  1-0

[Event "WY Boys-U18"]
[Site "Porto Carras GRE"]
[Date "2010.10.27"]
[Round "8.12"]
[White "Iljiushenok,I"]
[Black "Nuri,Kam"]
[Result "1/2-1/2"]
[WhiteElo "2412"]
[BlackElo "2280"]

1.e4 c5 2.Nf3 Nc6 3.Nc3 d6 4.d4 cxd4 5.Nxd4 Nf6 6.Bg5 e6 7.Qd2 Be7 8.O-O-O Qb6
9.Ndb5 O-O 10.f3 Rd8 11.Qe1 Rd7 12.g4 a6 13.Be3 Qa5 14.Nd4 Nxd4 15.Bxd4 b5
16.a3 Rb8 17.Nd5 Qxe1 18.Nxe7+ Kf8 19.Ng6+ hxg6 20.Rxe1 Bb7 21.Bd3 Ke7 22.h4 Rh8
23.Rh3 e5 24.Bc3 Rdd8 25.Bd2 Nd7 26.c3 Nc5 27.Bc2 Bc8 28.Be3 Be6 29.Reh1 Rh7
30.h5 Rdh8 31.h6 gxh6 32.Rxh6 Rxh6 33.Rxh6 Rxh6 34.Bxh6 d5 35.Be3 Kd6 36.b4 Na4  1/2-1/2

[Event "WY Boys-U18"]
[Site "Porto Carras GRE"]
[Date "2010.10.27"]
[Round "8.1"]
[White "Ter Sahakyan,S"]
[Black "Baron,Ta"]
[Result "1/2-1/2"]
[WhiteElo "2516"]
[BlackElo "2455"]

1.e4 c5 2.Nf3 Nc6 3.Nc3 Nf6 4.Bb5 Qc7 5.O-O Nd4 6.Re1 a6 7.Bc4 d6 8.Nd5 Nxd5
9.exd5 g6 10.Nxd4 cxd4 11.d3 h6 12.Bf4 Bg7 13.Qd2 Bf5 14.a4 Kf8 15.h4 Kg8
16.Re2 Kh7 17.Rae1 Rhe8 18.a5 Qd7 19.f3 e5 20.dxe6 Bxe6 21.Bg3 Rac8 22.Bf2  1/2-1/2

[Event "WY Boys-U14"]
[Site "Porto Carras GRE"]
[Date "2010.10.27"]
[Round "8.5"]
[White "Grib,R"]
[Black "Rapport,R"]
[Result "1-0"]
[WhiteElo "2250"]
[BlackElo "2523"]

1.e4 c5 2.Nc3 Nc6 3.Bb5 Nd4 4.Bc4 e6 5.Nge2 Ne7 6.Nxd4 cxd4 7.Ne2 Nc6 8.O-O Bc5
9.d3 O-O 10.a3 a6 11.Bb3 b5 12.f4 Bb7 13.f5 Bd6 14.f6 gxf6 15.Bh6 f5 16.Bxf8 Qxf8
17.exf5 Qh6 18.Ng3 Kh8 19.Qh5 Qe3+ 20.Kh1 Bxg3 21.Rf3 Qe2 22.Qh6 Be1 23.Qf6+ Kg8
24.fxe6 fxe6 25.Bd5 exd5 26.Qf7+ Kh8 27.Rh3  1-0

[Event "11th Liberec Open"]
[Site "Liberec CZE"]
[Date "2010.10.28"]
[Round "6"]
[White "Huijzer,Jo"]
[Black "Krtous,Z1"]
[Result "0-1"]
[WhiteElo "2088"]
[BlackElo "1997"]

1.e4 c5 2.Nc3 Nc6 3.Bb5 g6 4.Bxc6 bxc6 5.f4 Bg7 6.Nf3 Nf6 7.d3 O-O 8.O-O d6
9.Qe1 Nd7 10.e5 Nb6 11.b3 Nd5 12.Ne4 f6 13.Bd2 Bg4 14.exd6 exd6 15.Rc1 Re8
16.Ba5 Qd7 17.Qg3 f5 18.Neg5 h6 19.Nh3 Re2 20.Kh1 Nf6 21.Nf2 Nh5 22.Qh4 Bf6
23.Ng5 hxg5 24.fxg5 Be5 25.Rfe1 Rxe1+ 26.Rxe1 Kg7 27.d4 Bxd4 28.h3 Be5 29.Rxe5 dxe5
30.hxg4 Rh8 31.Kg1  0-1

[Event "Unive Open"]
[Site "Hoogeveen NED"]
[Date "2010.10.29"]
[Round "8"]
[White "Nijboer,F"]
[Black "Ikonnikov,Vy"]
[Result "1/2-1/2"]
[WhiteElo "2582"]
[BlackElo "2571"]

1.e4 c5 2.Nf3 Nc6 3.Nc3 e5 4.Bc4 Be7 5.O-O d6 6.d3 Nf6 7.Ng5 O-O 8.f4 Bg4
9.Qe1 exf4 10.Bxf4 Nd4 11.Qd2 Qd7 12.Be3 h6 13.Nf3 b5 14.Bxd4 bxc4 15.Bxf6 Bxf6
16.dxc4 Qe6 17.Qd3  1/2-1/2

[Event "WY Girls-U10"]
[Site "Porto Carras GRE"]
[Date "2010.10.29"]
[Round "10.6"]
[White "Khushi,Dharewa"]
[Black "Caballero Quijano,Mitzy Mishell"]
[Result "1-0"]
[WhiteElo "1559"]
[BlackElo "1689"]

1.e4 c5 2.Nc3 Nc6 3.Nf3 d6 4.d4 cxd4 5.Nxd4 Nf6 6.Be3 e6 7.Be2 Be7 8.O-O O-O
9.Nb3 a6 10.f3 Qc7 11.Qe1 Re8 12.a3 b5 13.Rd1 Bb7 14.Qf2 Rac8 15.Bd3 Ne5
16.Bd4 Nxd3 17.cxd3 Qb8 18.Rc1 d5 19.Ne2 e5 20.Be3 d4 21.Bd2 Nd7 22.Ng3 Nb6
23.Nf5 Bf8 24.f4 Rxc1 25.Rxc1 f6 26.fxe5 fxe5 27.Na5 Rc8 28.Qe1 Rxc1 29.Qxc1 Qc8
30.Qxc8 Bxc8 31.Kf2 Na4 32.b4 Be6 33.Nc6 Bxf5 34.exf5 Bd6 35.Na5 Nb6 36.Nb7 Be7
37.Kf3 Nd7 38.Ke4 Kf7 39.Kd5 g6 40.fxg6+ hxg6 41.Nc5 Nb8 42.Kxe5 Bf6+ 43.Kd6 Ke8
44.Bf4 Be7+ 45.Kd5  1-0

[Event "WY Boys-U18"]
[Site "Porto Carras GRE"]
[Date "2010.10.29"]
[Round "10.9"]
[White "Iljiushenok,I"]
[Black "Baron,Ta"]
[Result "1/2-1/2"]
[WhiteElo "2412"]
[BlackElo "2455"]

1.e4 c5 2.Nf3 Nc6 3.Nc3 d6 4.d4 cxd4 5.Nxd4 e6 6.g4 a6 7.Be3 Nge7 8.Bg2 b5
9.Nb3 Bb7 10.Qe2 Ne5 11.O-O-O Nc4 12.f4 Ng6 13.Kb1 Nxe3 14.Qxe3 Be7 15.Ne2 Rc8
16.Nbd4 Qb6 17.Qg3 Nh4 18.g5 Nxg2 19.Qxg2 O-O 20.h4 f5 21.gxf6 Rxf6 22.Rhg1 Bf8
23.h5 h6 24.Rgf1 Rc4 25.b3 Rc5 26.Ng3 Rc3 27.Rf3 Qc5 28.f5 Rxf3 29.Qxf3 Qe5
30.Qg4 exf5 31.exf5 Rf7 32.Rd2 Qe1+ 33.Rd1 Qe5 34.Rd2 Qe3 35.Re2 Qg1+ 36.Kb2 Be7
37.Rxe7 Rxe7 38.f6 Rc7 39.Qe6+ Kh7 40.Qxd6 Qe3 41.Qxc7 Qxd4+ 42.Qc3 Qxf6
43.Qxf6 gxf6 44.Kc3 Bf3 45.Kb4 f5 46.Nxf5 Bxh5 47.Ka5 Bg6 48.Nd4 h5 49.c4 bxc4
50.bxc4 Be4 51.Ne2 h4 52.Ng1 Kg6 53.c5 Kf5 54.Nh3 Bg2 55.Ng1 Ke6 56.Kxa6 Kd7
57.Kb6 Bc6 58.a3 Ba4 59.Nh3 Bc6 60.Nf2 Ba4  1/2-1/2

[Event "Chigorin Mem Classic Open"]
[Site "St Petersburg RUS"]
[Date "2010.10.29"]
[Round "2"]
[White "Demchenko,A"]
[Black "Bazeev,G"]
[Result "1-0"]
[WhiteElo "2529"]
[BlackElo "2348"]

1.e4 c5 2.Nf3 Nc6 3.Nc3 Nf6 4.Bb5 Nd4 5.e5 Nxb5 6.Nxb5 Nd5 7.Ng5 f5 8.O-O Qb6
9.c4 Nc7 10.b4 Nxb5 11.cxb5 e6 12.a4 cxb4 13.d4 a6 14.Be3 g6 15.Rc1 f4 16.Qf3 Be7
17.Qxf4 Rf8 18.Qh4 Rf7 19.d5 Qd8 20.d6 Bxg5 21.Bxg5 Qa5 22.Rc4 b6 23.Rf4  1-0

[Event "14th OIBM"]
[Site "Bad Wiessee GER"]
[Date "2010.10.30"]
[Round "1.24"]
[White "Abergel,T"]
[Black "Frank,We1"]
[Result "1-0"]
[WhiteElo "2521"]
[BlackElo "1998"]

1.e4 c5 2.Nc3 Nc6 3.Bb5 g6 4.Bxc6 dxc6 5.d3 Bg7 6.Be3 b6 7.f4 Nh6 8.h3 Bd4
9.Qd2 f5 10.Nf3 Be6 11.O-O-O Qd7 12.Ne2 Bxe3 13.Qxe3 O-O-O 14.d4 fxe4 15.dxc5 Qc7
16.cxb6 axb6 17.Qxe4 Bd5 18.Qd3 Kb7 19.Qc3 Nf5 20.Kb1 Ra8 21.a3 Nd6 22.Rhe1 Rhf8
23.Ng5 Nb5 24.Qb4 Bg8 25.Nd4 Nxa3+ 26.bxa3 c5 27.Nge6 cxb4 28.Nxc7 Kxc7 29.Rxe7+ Kc8
30.Nc6  1-0

[Event "Unive Open"]
[Site "Hoogeveen NED"]
[Date "2010.10.30"]
[Round "9"]
[White "Pijpers,A"]
[Black "Afek,Y"]
[Result "0-1"]
[WhiteElo "2248"]
[BlackElo "2269"]

1.e4 c5 2.Nf3 Nc6 3.Nc3 Nf6 4.d4 d5 5.exd5 Nxd5 6.dxc5 Nxc3 7.Qxd8+ Kxd8
8.bxc3 e5 9.Be3 Kc7 10.Ng5 Nd8 11.O-O-O Be7 12.g3 f6 13.Nf3 Bg4 14.Be2 Ne6
15.h3 Bxf3 16.Bxf3 Bxc5 17.Bxc5 Nxc5 18.Rd5 b6 19.Rxc5+ bxc5 20.Bxa8 Rxa8
21.Re1 Rd8 22.Re4 Kc6 23.f3 Kd5 24.Ra4 Rd7 25.Kd2 Kc6+ 26.Ke2 Kb5 27.Rh4 h6
28.f4 exf4 29.Rxf4 Re7+ 30.Kd2 Re5 31.Rh4 Rg5 32.a4+ Kc6 33.Re4 Rxg3 34.Re7 Kb6
35.h4 Rg4 36.h5 a6 37.Kd3 Ka5 38.Rc7 Rg5 39.Kc4 Kxa4 40.Ra7 a5 41.Rb7 Ka3
42.Ra7 Kb2 43.Kb5 Kxc3  0-1

[Event "Chigorin Mem Classic Open"]
[Site "St Petersburg RUS"]
[Date "2010.10.30"]
[Round "3"]
[White "Rjanova,V"]
[Black "Sazonova,A"]
[Result "0-1"]
[WhiteElo "2140"]
[BlackElo "1793"]

1.e4 c5 2.Nc3 Nc6 3.Bb5 Nd4 4.Bc4 e6 5.Nf3 Nc6 6.d4 cxd4 7.Nxd4 d6 8.Be3 Nf6
9.Qe2 a6 10.f4 Qc7 11.Bb3 b5 12.O-O-O Bb7 13.Nxc6 Bxc6 14.Bd4 Be7 15.e5 dxe5
16.fxe5 Nd7 17.Qg4 O-O 18.Rhe1 Bc5 19.Rd3 Bxd4 20.Qxd4 Rfd8 21.Qh4 Nf8 22.Rg3 a5
23.Qg4 g6 24.a3 Qb6 25.Ne4 Bxe4 26.Qxe4 Qd4 27.Rd3 Qxe4 28.Rxe4 Rac8 29.Kd2 Rxd3+
30.cxd3 Nd7 31.Bc2 Kf8 32.g4 h6 33.Bd1 Nb6 34.Bb3 Nd7 35.Re3 Nc5 36.Bc2 Rd8
37.b4 axb4 38.axb4 Na6 39.Re4 Nb8 40.Kc3 Nc6 41.Bd1 Rc8 42.Kb3 Rd8 43.Kc3 Rc8
44.Kd2 Ra8 45.Bb3 Ra1 46.Kc3 Rc1+ 47.Bc2 Rh1 48.Re2 Rg1 49.Re4 Rg2 50.d4 Rxh2
51.Re3 Nxb4 52.Kxb4 Rxc2 53.Kxb5 Rg2 54.Re4 g5 55.Kc4 Ke7 56.Kd3 Kd7 57.Kc4 Kc6
58.Re1 Rxg4 59.Rh1 Rh4  0-1

[Event "14th OIBM"]
[Site "Bad Wiessee GER"]
[Date "2010.10.31"]
[Round "3.29"]
[White "Roy Chowdhury,S"]
[Black "Tillmann,Mark"]
[Result "1-0"]
[WhiteElo "2457"]
[BlackElo "2200"]

1.e4 c5 2.Nc3 Nc6 3.Nf3 g6 4.Bb5 Bg7 5.O-O Nf6 6.h3 O-O 7.Bxc6 bxc6 8.d3 Rb8
9.e5 Nd5 10.Ne4 d6 11.c4 Nc7 12.exd6 exd6 13.Bg5 f6 14.Bf4 Ne8 15.Nxc5 g5
16.Bh2 f5 17.d4 Rb4 18.Nd3 Rb7 19.c5 g4 20.hxg4 fxg4 21.Nd2 Bxd4 22.Nb3 Bg7
23.cxd6 Qh4 24.Bg3 Qh5 25.Ndc5 Rd7 26.Nxd7 Bxd7 27.Re1 Rf6 28.Re5 Rf5 29.Rxf5 Qxf5
30.Qd2 Nf6 31.Qa5 Qxa5 32.Nxa5 Ne4 33.Re1 Nxg3 34.fxg3 Bf6 35.Nc4 Bd4+ 36.Kh2  1-0

[Event "VII Open"]
[Site "Figueira da Foz POR"]
[Date "2010.11.01"]
[Round "2.14"]
[White "Ferreira,Jor1"]
[Black "Morais,V"]
[Result "1-0"]
[WhiteElo "2327"]
[BlackElo "1994"]

1.e4 c5 2.Nf3 Nc6 3.Nc3 g6 4.d4 cxd4 5.Nxd4 Bg7 6.Nb3 Nf6 7.Bc4 O-O 8.O-O d6
9.Bg5 h6 10.Bh4 Ne5 11.Be2 Bd7 12.Nd5 g5 13.Nxf6+ Bxf6 14.Bg3 Ng6 15.c3 Bc6
16.Bf3 Be5 17.Nd4 e6 18.Qd2 Qf6 19.Rad1 Rad8 20.Rfe1 Kg7 21.Qe3 Bd7 22.Be2 b6
23.Nf3 Bc6 24.Rd2 Rd7 25.Nd4 Ba8 26.Bxe5 Qxe5 27.Bc4 Rfd8 28.Bb3 d5 29.Red1 Nf8
30.exd5 Qxe3 31.fxe3 Bxd5 32.Ba4 Re7 33.e4 Bxe4 34.Re2 Bg6 35.Nf5+ Bxf5 36.Rxd8 Rc7
37.Bc2 Bxc2 38.Rxc2 e5 39.Re8 f6 40.Rd2 Kf7 41.Red8 Re7 42.g4 Ng6 43.R8d7 Nh4
44.Rxe7+ Kxe7 45.Kf2 f5 46.gxf5 Nxf5 47.c4 Nd6 48.Rc2 Ke6 49.b4 Nf5 50.c5 bxc5
51.Rxc5 Nd4 52.Ke3 Kd6 53.Ke4 Nc6 54.a3 h5 55.Rd5+  1-0

[Event "Chigorin Mem Classic Open"]
[Site "St Petersburg RUS"]
[Date "2010.11.01"]
[Round "5"]
[White "Martynov,P2"]
[Black "Kashtanov,R"]
[Result "0-1"]
[WhiteElo "2163"]
[BlackElo "2351"]

1.e4 c5 2.Nf3 Nc6 3.Nc3 g6 4.d4 cxd4 5.Nxd4 Bg7 6.Be3 Nf6 7.Bc4 O-O 8.f3 Qb6
9.O-O Qxb2 10.Nce2 Qb4 11.Bb3 d6 12.a4 Qa5 13.c3 Bd7 14.g4 Rac8 15.g5 Nh5
16.f4 Bg4 17.f5 Nxd4 18.cxd4 Bxe2 19.Qxe2 Qc3 20.fxg6 Qxb3 21.Rab1 Rc2 22.Qf3 Qd3
23.gxf7+ Kh8 24.Rxb7 Qe2 25.Qh3 Rc3 26.Rf3 Rxe3 27.Rxe3 Bxd4 28.Rb3 Rxf7
29.Qc8+ Kg7 30.Qc1 Rf3  0-1

[Event "TCh-CHN"]
[Site "Beijing CHN"]
[Date "2010.11.02"]
[Round "16"]
[White "Wang Jue"]
[Black "Zhai Mo"]
[Result "1/2-1/2"]
[WhiteElo "2180"]
[BlackElo "2110"]

1.e4 c5 2.Nf3 Nc6 3.Nc3 g6 4.d4 cxd4 5.Nxd4 Bg7 6.Be3 Nf6 7.Bc4 d6 8.f3 Qb6
9.Ncb5 Qa5+ 10.Nc3 Qb6 11.Bb5 O-O 12.Nf5 Qa5 13.Nxg7 Kxg7 14.Qd2 Rd8 15.Bc4 Ne5
16.Bb3 Be6 17.O-O-O b5 18.Kb1 Rab8 19.Bh6+ Kh8 20.Nd5 Qxd2 21.Bxd2 Bxd5 22.exd5 Nc4
23.Bc3 Kg8 24.Rhe1 Kf8 25.g4 Rdc8 26.g5 Nh5 27.Re4 Nb6 28.Rde1 Re8 29.Bd4 a5
30.Bxb6 Rxb6 31.a4 b4 32.Bc4 Rc8 33.Bb5 Rc7 34.Rh4 Kg8 35.Ree4 Ng7 36.Rc4 Rbb7
37.Bc6 Rb6 38.c3 bxc3 39.Rxc3 Nf5 40.Rhc4 Kg7 41.Bb5 Rxc4 42.Rxc4 Ne3 43.Rd4 h6
44.h4 Rb7 45.Kc1 Nf5 46.Re4 Rc7+ 47.Kd2 Rc5 48.Bc4 Ng3 49.Rf4 Nh5 50.Rd4 Ng3
51.Bd3 hxg5 52.hxg5 Nh5 53.f4 Rc7 54.b4 axb4 55.Rxb4 Ra7 56.Bb5 Ng3 57.Bc6 Nf5
58.Rb7 Ra5 59.Kd3 f6 60.Bb5 Ra8 61.Bd7 fxg5 62.fxg5 Ra5 63.Ke4 Ng3+ 64.Kf3 Nf5
65.Bb5 Kf7 66.Ke4 Ra8 67.Bd7 Ra5 68.Bb5 Kg7 69.Rb8 Ra7 70.Bc6 Ra5 71.Ra8 Rc5
72.a5 e6 73.Ra7+ Kf8 74.Ra8+ Kg7 75.Ra7+ Kf8 76.Ra8+ Kg7 77.Ra7+ Kf8 78.Ra8+ Kg7  1/2-1/2

[Event "VII Open"]
[Site "Figueira da Foz POR"]
[Date "2010.11.02"]
[Round "4.27"]
[White "Saltao,J"]
[Black "Beltran Ortiz,E"]
[Result "0-1"]
[WhiteElo "1657"]
[BlackElo "1883"]

1.e4 c5 2.Nf3 Nc6 3.Nc3 a6 4.a4 e6 5.Bc4 Qc7 6.d3 g6 7.Be3 d6 8.O-O Bg7 9.Qd2 Nd4
10.Bxd4 cxd4 11.Ne2 e5 12.b4 Bh6 13.Qe1 Be6 14.Bxe6 fxe6 15.Qb1 Nf6 16.Qb3 Qd7
17.b5 O-O 18.Rfb1 Rfc8 19.Ra2 Rc7 20.h3 Nh5 21.Kf1 Qf7 22.a5 axb5 23.Qxb5 Ra6
24.Qa4 Rac6 25.Rb6 Rxb6 26.axb6 Rc8 27.Qb3 Qd7 28.Ra7 Kf7 29.Ke1 Qc6 30.Kd1 Ke7
31.Ra4 Qd7 32.Qa3 Kf7 33.Ra5 Qc6 34.Qb3 Ke7 35.Ra4 Qd7 36.Qa3 Kf7 37.Qb3 Ke7
38.Ra5 Qc6 39.Nh2 Nf6 40.Ng4 Nxg4 41.hxg4 Rf8 42.f3 Rc8 43.Ra2 Be3 44.Qb4 h5
45.gxh5 Rh8 46.Ng3 gxh5 47.Nf1 Rg8 48.c4 Bf4 49.Ke1 h4 50.Kf2 Bg3+ 51.Ke2 Bf4
52.Kf2 Bg3+ 53.Ke2 h3 54.gxh3 Bh4 55.Rd2 Rg2+ 56.Kd1 Rg1 57.Kc2 Rxf1 58.Rg2 Rf2+
59.Rxf2 Bxf2 60.Kd2 Qc5 61.Qb1 Qa5+ 62.Ke2 Be3 63.Qb2 Kf6 64.h4 Kg6 65.Kd1 Kh5
66.f4 exf4 67.Qe2+ Kh6  0-1

[Event "Chigorin Mem Classic Open"]
[Site "St Petersburg RUS"]
[Date "2010.11.02"]
[Round "6"]
[White "Geller,J"]
[Black "Bazeev,G"]
[Result "1-0"]
[WhiteElo "2544"]
[BlackElo "2348"]

1.Nc3 c5 2.e4 Nc6 3.Bb5 g6 4.Nf3 Bg7 5.O-O e5 6.a3 Nge7 7.b4 d6 8.bxc5 dxc5
9.d3 O-O 10.Bc4 b6 11.h3 Qd6 12.Nh2 Be6 13.Nb5 Qd7 14.Bxe6 fxe6 15.a4 Rad8
16.Na3 Kh8 17.Nc4 Rf7 18.Bb2 Rdf8 19.Qg4 Rf4 20.Qg5 h6 21.Qg3 Nd4 22.Bxd4 exd4
23.Nf3 g5 24.Nfd2 Ng6 25.Qh2 h5 26.g3 R4f7 27.Rfe1 Rxf2 28.Qxf2 Rxf2 29.Kxf2 h4
30.e5 Qf7+ 31.Nf3 hxg3+ 32.Kxg3 Qf4+ 33.Kf2 Nh4 34.Nd2 Nf5 35.Nf1 Nh4 36.Nd2 Qf5
37.Re4 Ng6 38.Rg1 Nf4 39.Rg4 Bh6 40.Kg3 Nh5+ 41.Kh2 Kh7 42.Re1 Kh8 43.Reg1 Nf4
44.Ne4 Nxd3 45.Nfxg5 Qxe5+ 46.R1g3  1-0

[Event "Chigorin Mem Classic Open"]
[Site "St Petersburg RUS"]
[Date "2010.11.02"]
[Round "6"]
[White "Bodnaruk,A"]
[Black "Valov,I"]
[Result "1-0"]
[WhiteElo "2399"]
[BlackElo "2239"]

1.e4 c5 2.Ne2 Nc6 3.Nbc3 g6 4.d4 cxd4 5.Nxd4 Bg7 6.Be3 d6 7.f3 Nf6 8.Qd2 Nxd4
9.Bxd4 O-O 10.Bc4 Be6 11.Bb3 Bxb3 12.axb3 a6 13.O-O-O b5 14.h4 Qa5 15.Kb1 Rfe8
16.Bxf6 Bxf6 17.Nd5 Qxd2 18.Rxd2 Rad8 19.Nc7 Rf8 20.Nxa6 Rd7 21.Nb4 h5 22.g3 Ra8
23.c3 Rda7 24.Kc2 Kf8 25.Rd5 Ra1 26.Rdd1 R1a7 27.Rd5 Ra1 28.Rhd1 R1a5 29.f4 Kg8
30.Rb1 Kf8 31.Nd3 Ke8 32.b4  1-0

[Event "20th World Seniors"]
[Site "Arco ITA"]
[Date "2010.11.03"]
[Round "8"]
[White "Jarvinen,S"]
[Black "Bernhoeft,E"]
[Result "0-1"]
[WhiteElo "1902"]
[BlackElo "1991"]

1.e4 c5 2.Nf3 Nc6 3.Nc3 g6 4.Be2 Bg7 5.O-O d6 6.h3 e6 7.d3 Nge7 8.Nh2 O-O
9.Be3 f5 10.Qd2 Nd4 11.Bh6 Bxh6 12.Qxh6 Nxc2 13.Nf3 Rf7 14.Rad1 Nd4 15.Ng5 Rg7
16.f4 Kh8 17.Qh4 Bd7 18.Bf3 Ng8 19.Ne2 h6 20.Nxd4 cxd4 21.Kh2 Rh7  0-1

[Event "20th World Seniors"]
[Site "Arco ITA"]
[Date "2010.11.04"]
[Round "9"]
[White "Van den Berg,Ad"]
[Black "Cebalo,M"]
[Result "0-1"]
[WhiteElo "2202"]
[BlackElo "2493"]

1.e4 c5 2.Nf3 Nc6 3.Nc3 g6 4.d4 cxd4 5.Nxd4 Bg7 6.Be3 Nf6 7.Be2 O-O 8.f4 d6
9.O-O Bd7 10.Nb3 a6 11.a4 Be6 12.Ra3 Na5 13.Nxa5 Qxa5 14.Qc1 Rac8 15.Bf3 Nd7
16.Bd2 Qc7 17.a5 b5 18.axb6 Nxb6 19.Be2 Nc4 20.Bxc4 Bxc4 21.Rf3 f5 22.exf5 Rxf5
23.g4 Rf7 24.b3 Qb6+ 25.Kg2 Be6 26.h3 Bxc3  0-1

[Event "20th World Seniors"]
[Site "Arco ITA"]
[Date "2010.11.06"]
[Round "11"]
[White "Tseshkovsky,V"]
[Black "Vaisser,A"]
[Result "0-1"]
[WhiteElo "2564"]
[BlackElo "2507"]

1.e4 c5 2.Nf3 Nc6 3.Nc3 Nf6 4.Bb5 Qc7 5.O-O Nd4 6.d3 Ng4 7.g3 Nxf3+ 8.Qxf3 Ne5
9.Qh5 g6 10.Nd5 Qd6 11.Qe2 Bg7 12.Bg5 f6 13.Bd2 e6 14.Ne3 a6 15.f4 Nf7 16.Ba4 b5
17.Bb3 Bb7 18.h4 h5 19.Kh2 c4 20.dxc4 Bxe4 21.cxb5 axb5 22.Rad1 O-O 23.Qxb5 Rfb8
24.Qc4 Bc6 25.Qe2 Qc5 26.g4 hxg4 27.Qxg4 Be4 28.Rg1 Nh6 29.Qh3 Qh5 30.Rde1 Kh7
31.c4 Rxa2 32.Bxa2 Rxb2 33.Ng2 Rxd2 34.Rxe4  0-1

[Event "20th World Seniors"]
[Site "Arco ITA"]
[Date "2010.11.06"]
[Round "11"]
[White "Elfert,A"]
[Black "Ermenkov,Evgenij"]
[Result "0-1"]
[WhiteElo "2022"]
[BlackElo "2442"]

1.e4 c5 2.Nc3 Nc6 3.Nf3 d6 4.d4 cxd4 5.Nxd4 Nf6 6.Bg5 e6 7.Be2 Be7 8.O-O a6
9.Kh1 O-O 10.f4 h6 11.Bxf6 Bxf6 12.Nxc6 bxc6 13.Rf3 Rb8 14.Rb1 a5 15.Na4 e5
16.f5 d5 17.Nc3 Rb4 18.Bd3 Qd6 19.a3 Rb6 20.Qe2 Bd7 21.Na4 Rb7 22.c4 Rfb8
23.c5 Qe7 24.Rc1 Bg5 25.Rc2 d4 26.Nb6 Be8 27.Ba6 Rxb6 28.cxb6 Rxb6 29.Bc4 Kh7
30.g3 a4 31.h4 Be3 32.Rxe3 dxe3 33.Qxe3 Qb7 34.Qc3 f6 35.Rg2 Bf7 36.g4 Bxc4
37.Qxc4 Rxb2 38.Rxb2 Qxb2 39.g5 hxg5 40.hxg5 Qb5 41.g6+ Kh6 42.Qc1+ Kh5 43.Kg1 Qd3
44.Qxc6 Kg4 45.Qc1 Qxe4 46.Qd1+ Kg3 47.Qf1  0-1

[Event "Frauenbundesliga 1st Div 2010-11"]
[Site "Germany GER"]
[Date "2010.11.06"]
[Round "1.6"]
[White "Jahn,C"]
[Black "Havlikova,K"]
[Result "0-1"]
[WhiteElo "2146"]
[BlackElo "2295"]

1.e4 c5 2.Nc3 Nc6 3.Bb5 g6 4.Bxc6 dxc6 5.d3 Bg7 6.Be3 b6 7.Qd2 e5 8.Nge2 Be6
9.O-O Qd7 10.a4 a5 11.Rad1 h6 12.f4 exf4 13.Bxf4 O-O-O 14.Kh1 Ne7 15.Ng1 g5
16.Be3 Kb7 17.Nf3 f5 18.Qe2 f4 19.Bc1 Ng6 20.d4 cxd4 21.e5 Bg4 22.Qf2 Bxf3
23.Qxf3 Nxe5 24.Qe2 Rhe8 25.Nb1 Ng4 26.Qf3 Ne3 27.Bxe3 fxe3 28.Rde1 Rf8 29.Qe2 Rde8
30.Na3 Qe6 31.Rb1 g4 32.Kg1 Rxf1+ 33.Rxf1 Rf8 34.Nc4 Rxf1+ 35.Kxf1 h5 36.b3 Be5
37.g3 Bc7 38.Ke1 Qe4 39.Qf1 Qxc2 40.Qf7 d3 41.Nd6+ Ka6 42.Qc4+ Ka7  0-1